LEADER 01465nam2-2200385---450- 001 990003132690203316 005 20080926121114.0 010 $a978-3-540-69857-9 035 $a000313269 035 $aUSA01000313269 035 $a(ALEPH)000313269USA01 035 $a000313269 100 $a20080728d2008----km-y0itay50------ba 101 $aeng 102 $aDE 105 $aa---||||001yy 200 1 $aNatural image and information systems$e13th international conference on applications of natural language to information systems, NLDB 2008$eLondon, UK, june 24-27, 2008$eproceedings$fEpaminondas Kapetanios...[et al.] (Eds.) 210 $aBerlin [etc.]$cSpringer$dcopyr.2008 215 $aXIX, 386 p.$cill.$d24 cm 225 2 $aLecture notes in computer science$v5039 410 0$12001$aLecture notes in computer science 461 1$1001000314960$12001$aLecture notes in computer science 606 0 $aInformatica$xCongressi 676 $a004 702 1$aKAPETANIOS,$bEpaminondas 710 02$aInternational conference on applications of natural language to information systems, NLDB 2008$b<13.;$f2008;$eLondon>$0601867 801 0$aIT$bsalbc$gISBD 912 $a990003132690203316 951 $a001 LNCS 5039$b37207/CBS$c001$d00217575 959 $aBK 969 $aSCI 979 $aCBAS$b10$c20080728$lUSA01$h1057 979 $aANGELA$b90$c20080926$lUSA01$h1211 996 $aNatural image and information systems$91016905 997 $aUNISA LEADER 01702nas 2200385 n 450 001 990008900270403321 005 20240229084541.0 011 $a0758-6353 035 $a000890027 035 $aFED01000890027 035 $a(Aleph)000890027FED01 035 $a000890027 091 $2CNR$aP 00070940 100 $a20161109b19501953km-y0itaa50------ba 101 0 $afre 102 $aFR 110 $aauu-------- 200 1 $aAnnuaire de l'Ecole des Legislations Religieuses 207 1$a1950-1953 210 $aParis$cLetouzey et Ane 326 $aAnnuale 530 0 $aAnnuaire de l'Ecole des Legislations Religieuses 675 $a2 675 $a348 712 02$aUniversité de Paris$bFaculté de Droit Canonique$bInstitut Catholique$bBibliotheque Ecole des Legislations Religieuses 801 0$aIT$bACNP$c20090723 859 4 $uhttp://acnp.cib.unibo.it/cgi-ser/start/it/cnr/dc-p1.tcl?catno=45457&person=false&language=ITALIANO&libr=&libr_th=unina1$zBiblioteche che possiedono il periodico 901 $aSE 912 $a990008900270403321 958 $aBiblioteca Centrale della Facoltà di Giurisprudenza dell'Università di Napoli Federico II$b1950-1953.$eUniv. 115$fFGBC 959 $aFGBC 996 $aAnnuaire de l'Ecole des Legislations Religieuses$9800922 997 $aUNINA AP1 8 $6866-01$aNA073 Biblioteca Centrale della Facoltà di Giurisprudenza dell'Università di Napoli Federico II$bUniv. 115$eCorso Umberto I, 80138 Napoli (NA)$m0812537531/33$m0812537532$nit AP2 40$aacnp.cib.unibo.it$nACNP Italian Union Catalogue of Serials$uhttp://acnp.cib.unibo.it/cgi-ser/start/it/cnr/df-p.tcl?catno=45457&language=ITALIANO&libr=&person=&B=1&libr_th=unina&proposto=NO